000
00224 a2200097 4500
001
37418
100
_a
Hemingway Ernest
245
_a
A farewell to Arms
260
_a
New Delhi
_b
Surjeet Publishers
_c
090
_c
23886
_d
23886
942
_a
NUST-CAE
_c
M
_c
15431
999
_c
272491
_d
272491